| 000 | 00000nam 2200000zi 4500 |
| 001 | 9.945533 |
| 003 | CaOODSP |
| 005 | 20250910142912 |
| 006 | m o d f |
| 007 | cr |n||||||||| |
| 008 | 241125t20112011onca ob f000 0 fre d |
| 020 | |z9781100540405 |
| 040 | |aCaOODSP|bfre|erda|cCaOODSP |
| 043 | |an-cn--- |
| 086 | 1 |aD2-289/2011F-PDF|zD2-289/2011 |
| 245 | 00|aAu-delà de la transformation : |bmodèle stratégique d'emploi des pm 1/des adjuc. |
| 264 | 1|a[Ottawa] : |bDéfense nationale = National Defence, |c[2011] |
| 264 | 4|c©2011 |
| 300 | |a1 ressource en ligne (v, 49 pages) : |billustrations |
| 336 | |atexte|btxt|2rdacontent/fre |
| 337 | |ainformatique|bc|2rdamedia/fre |
| 338 | |aressource en ligne|bcr|2rdacarrier/fre |
| 500 | |aÉdition numérisée de l'imprimée [par Direction des publications du Gouvernement du Canada]. |
| 500 | |aPublié aussi en anglais sous le titre : Beyond transformation : the CPO1/CWO Strategic Employment Model. |
| 504 | |aComprend des références bibliographiques. |
| 610 | 16|aCanada. |bForces armées canadiennes|xPersonnel|xDirection. |
| 610 | 16|aCanada. |bForces armées canadiennes|xPersonnel|xFormation. |
| 710 | 1 |aCanada. |bMinistère de la défense nationale, |eorganisme de publication. |
| 775 | 08|tBeyond transformation : |w(CaOODSP)9.945525 |
| 856 | 40|qPDF|s18.4 Mo|uhttps://publications.gc.ca/collections/collection_2024/mdn-dnd/D2-289-2011-fra.pdf |